000 00400pab a2200157 454500
008 180718b2003 xxu||||| |||| 00| 0 eng d
100 _aSrinivas, K. Ravi
245 _aInterpreting para 6: deal on patents and access to drugs
260 _c2003
300 _ap.3975-977.
362 _a20 Sep
650 _aPatents
650 _aDrugs
773 _aEconomic and Political Weekly
909 _a58386
999 _c58386
_d58386